| 000 | 00354nam a2200133Ia 4500 | ||
|---|---|---|---|
| 008 | 151021s9999 xx 000 0 und d | ||
| 020 | _a9966285512 | ||
| 050 | _aKD2079.6.s741997 | ||
| 245 | _a_Company Law Simplified | ||
| 260 | _aNairobi Saleemi Publication 1997 | ||
| 300 | _a367p. | ||
| 650 | _a_Company law | ||
| 980 | _a^d20110318 10:40:31^okorir | ||
| 999 |
_c5498 _d5498 |
||